LEADER 00890nam 2200265z- 450 001 9910580260103321 005 20220725234325.0 035 $a(CKB)5690000000011197 035 $a(EXLCZ)995690000000011197 100 $a20220705c2021uuuu mu 0 101 0 $aspa 200 10$aRepública, pan y trabajo $eMovilización política, protestas sociales y resistencias cotidianas en el Alentejo: el distrito de Évora entre 1908 y 1918 210 $aÉvora, Portugal $cPublicações do Cidehus$d2021 517 $aRepública, pan y trabajo 607 $aPortugal$xHistory$y1908-1918 607 $aPortugal$2fast 610 0$apolitical mobilization 610 0$asocial conflicts 610 0$arural society 610 0$aÉvora, Alentejo region 610 0$alabor movement 906 $aBOOK 912 $a9910580260103321 996 $aRepública, pan y trabajo$92863241 997 $aUNINA LEADER 01254oam 2200409zu 450 001 9910133748603321 005 20241212220321.0 010 $a9782357680357 010 $a2357680350 035 $a(CKB)3280000000025771 035 $a(SSID)ssj0001106390 035 $a(PQKBManifestationID)12467415 035 $a(PQKBTitleCode)TC0001106390 035 $a(PQKBWorkID)11073820 035 $a(PQKB)10409002 035 $a(NjHacI)993280000000025771 035 $a(EXLCZ)993280000000025771 100 $a20160829d2012 uy 101 0 $aeng 135 $aur||||||||||| 181 $ctxt 182 $cc 183 $acr 200 10$a2012 6th International Conference on NETwork Games, COntrol and OPtimization (NetGCooP) 210 31$a[Place of publication not identified]$cIEEE$d2012 215 $a1 online resource (156 pages) $cillustrations 300 $aBibliographic Level Mode of Issuance: Monograph 311 08$a9781467360265 311 08$a1467360260 606 $aVideo games 615 0$aVideo games. 676 $a794.8 801 0$bPQKB 906 $aPROCEEDING 912 $a9910133748603321 996 $a2012 6th International Conference on NETwork Games, COntrol and OPtimization (NetGCooP)$92519117 997 $aUNINA